000 00460nam a22001697a 4500
003 CEME
005 20210628203531.0
008 210317b xxu||||| |||| 00| 0 eng d
040 _c.
082 _a621.39732 MOS'T
100 _aTexas Instrumentation
_966079
245 _aMos memory data book , commercial and military specification
260 _aUSA
_bTEXAS INSTRUMENTS
_c1991
300 _aVP
650 _aDATA BOOK-MOS MEMORY
_966080
942 _cBK
_2ddc
999 _c574112
_d574112